Etiqueta de registo: 00595cam 22002051i 450
001 1254169
003 http://id.bnportugal.gov.pt/bib/catbnp/1254169
100 ## $a20020606d1924 m y0pory010305 ba
101 0# $afre
102 ## $aFR
200 1# $aOeuvres$ethèatre$fde Molière$gDessins de G. Bruyer
210 #9 $aParis$cCollections des Grands Livres,$d1924
215 ## $a2 v.$cil.$d27 cm
675 ## $a821.133.1-2"16"$vBN$zpor$3875139
700 #0 $aMolière,$cpseud.$320396
702 #1 $aBruyer,$bG.$4440$31206051
801 #0 $aPT$bBN
801 #1 $aFR$bJOUVE
966 ## $dV. 1$lBN$mFGMON$sL. 6003 A.$x0
966 ## $dV. 2$lBN$mFGMON$sL. 6004 A.$x0
997 ## $aBIBEOD